Aduhai sayang : (Record no. 131480)

MARC details
000 -LEADER
fixed length control field 00801nam a2200253 i 4500
001 - CONTROL NUMBER
control field C2-0332856
003 - CONTROL NUMBER IDENTIFIER
control field PPAK
005 - DATE AND TIME OF LATEST TRANSACTION
control field 20180728133007.0
008 - FIXED-LENGTH DATA ELEMENTS--GENERAL INFORMATION
fixed length control field 150818s2015 my a|||| ||||| | may d
020 ## - INTERNATIONAL STANDARD BOOK NUMBER
International Standard Book Number 9789670618968
040 ## - CATALOGING SOURCE
Original cataloging agency PPAK
Language of cataloging eng
Transcribing agency PPAK
Description conventions rda
082 04 - DEWEY DECIMAL CLASSIFICATION NUMBER
Classification number 899.2213
Edition number 23
090 00 - LOCALLY ASSIGNED LC-TYPE CALL NUMBER (OCLC); LOCAL CALL NUMBER (RLIN)
Classification number (OCLC) (R) ; Classification number, CALL (RLIN) (NR) 899.2213
Feature heading ERN
Feature heading K
100 1# - MAIN ENTRY--PERSONAL NAME
Personal name Ernes, Stella,
Relator term author
245 10 - TITLE STATEMENT
Title Aduhai sayang :
Remainder of title cerita nilai murni
264 #1 - PRODUCTION, PUBLICATION, DISTRIBUTION, MANUFACTURE, AND COPYRIGHT NOTICE
Place of production, publication, distribution, manufacture Hulu Selangor, Selangor :
Name of producer, publisher, distributor, manufacturer Darul Mughni Trading ,
Date of production, publication, distribution, manufacture, or copyright notice 2015
300 ## - PHYSICAL DESCRIPTION
Extent 164 pages :
Other physical details colour illustrations ;
Dimensions 25 cm
336 ## - CONTENT TYPE
Source rdacontent
Content type term text
337 ## - MEDIA TYPE
Source rdamedia
Media type term unmediated
338 ## - CARRIER TYPE
Source rdacarrier
Carrier type term volume
650 10 - SUBJECT ADDED ENTRY--TOPICAL TERM
Topical term or geographic name entry element Children's stories - Indonesian - Translations into Malay ; Didactic fiction
700 0# - ADDED ENTRY--PERSONAL NAME
Personal name Nur Syafiqa Yusoff,
Relator term editor
942 ## - ADDED ENTRY ELEMENTS (KOHA)
-- dc
Koha item type Book
Holdings
Withdrawn Not for loan Current library Shelving location Date acquired Total Checkouts Total Renewals Full call number Barcode Date last seen Date last checked out Koha item type Checked out
    Perpustakaan Langkawi Pinjaman Kanak-kanak 26/08/2015 7 2 K 899.2213 ERN A01456569 15/02/2026 29/01/2026 Book  
    Perpustakaan Merbok Pinjaman Kanak-kanak 26/08/2015 5 4 K 899.2213 ERN A01456570 22/12/2019 25/11/2019 Book  
    Perpustakaan Yan Pinjaman Kanak-kanak 01/01/2017 3   K 899.2213 ERN A01497517 14/11/2019 31/10/2019 Book  
    PD05, Kg. Lindungan Raja, Kulim Pinjaman Kanak-kanak 01/01/2017 1   K 899.2213 ERN A01497523 10/06/2025 10/06/2025 Book 01/07/2025
    PD06, Kg. Kepala Bukit, Pendang Pinjaman Kanak-kanak 01/01/2017     K 899.2213 ERN A01497529 09/05/2018   Book  
    PD07, Kg. Jelutong, Sik Pinjaman Kanak-kanak 01/01/2017     K 899.2213 ERN A01497533 09/05/2018   Book  
    PD37, Kg. Belat, Pendang Pinjaman Kanak-kanak 01/01/2017     K 899.2213 ERN A01497528 09/05/2018   Book